000 00360nam a2200157Ia 4500
008 230917s9999||||xx |||||||||||||| ||und||
020 _cRS150
040 _e23726
_aMAIN
041 _aEnglish
082 _a355.4 K527R
100 _aKhan, Akbar
245 0 _aRaiders in Kashmir
260 _aDelhi
_bArmy Publishers
_c1975
300 _a210 p.
942 _cBK
999 _c64704
_d64704